| 000 | 00413nam a22001697a 4500 | ||
|---|---|---|---|
| 999 |
_c558 _d558 |
||
| 005 | 20210828164009.0 | ||
| 008 | 160511b xxu||||| |||| 00| 0 eng d | ||
| 020 | _a81-259-1608-3 | ||
| 041 | _aeng | ||
| 082 |
_b1290 _a657.95 |
||
| 100 |
_aMaheshwari S N _96833 |
||
| 245 | _aCorporate Accounting | ||
| 260 |
_bVikas Publishing house Pvt. Ltd. _c1994 |
||
| 300 | _a3224 | ||
| 650 |
_aManagement _9241 |
||
| 942 | _cBK | ||